01156cam a2200217 a 450000500170000000800410001704000230005804100080008104400070008908200190009611100740011524501770018926000650036630000650043150400410049665000760053765000900061365000760070365000670077971100920084620170918122726.0021121s1999 ck a r 10010 spa d ala cladCO-BoIAVH0 aspa ack04a333.715 bS47n2 aSeminario Nacional de Desarrollo y Territorio d(1999 : cMedellín)10aSeminario Nacional de Desarrollo y Territorio y Primera Asamblea Nacional de la Red Colombiana de Formación Ambiental / ccoordinación Juan Mayr Maldonado ... [et al.]. aMedellín (Colombia) : bUniversidad de Medellín, c1999. a194 páginas : bilustraciones y diagramas. ; c28 x 21 cm. aIncluye referencias biliográficas.26aDesarrollo económicozAmérica LatinavCongresos, conferencias, etc.26aDesarrollo económicoxAspectos ambientaleszColombiavCongresos, conferencias, etc.26aDesarrollo sosteniblez América LatinavCongresos, conferencias, etc.26aDesarrollo económicoxAspectos ambientaleszAmérica Latina2 aAsamblea Nacional de la Red Colombiana de Formación Ambiental d(1999 : cMedellín)